00381pab a2200133 454500008004000000100002600040245008600066260000900152300001300161362000800174650002700182650001400209773002400223180718b2008 xxu||||| |||| 00| 0 eng d aBehera, Subrata Kumar aAddressing physical connectivity in eastern South Asia (challenges and prospects) c2008 ap.45-66. aMar aTransport - South Asia aTransport aMan and Development